00696nam a2200193 a 450000100100000000500170001000800410002702000150006804000250008308200150010810000420012324500880016526000320025330000360028570000360032104900090035795201190036699900170048500002274120200930021753.0101117s1998 ck ac r 000 mdspa d a9962020050 aDO-SdBNPbspacBNPHU annnnbI99s1 aIzquierdo Valderrama, Sofía,94672710aSi hubieras nacido en Roma /cSofía izquierdo Valderrama, Rogelio Tribaldos Alba. aColombia :b[s. n.],c1998. a270 p. :bil., retrs. ;c21 cm.1 aTribaldos Alba, Rogelio,946728 aBNGR 001052708MOaGRbGRcCTd2010-11-17iLF1l0onnnn I99sp22741-10r2020-06-25w2020-06-25y2ZPréstamo interno c22238d22238